LEADER 01263nam a2200289 i 4500 001 991002189699707536 005 20020503162141.0 008 010104s1966 it ||| | ita 035 $ab10329079-39ule_inst 035 $aEXGIL99101$9ExL 040 $aBiblioteca Interfacoltà$bita 082 0 $a891.8536 100 1 $aSienkiewicz, Henryk$0440643 245 10$aCol ferro e col fuoco /$cHenryk Sienkiewicz 260 $aCatania :$bEdizioni Paoline,$c1966 300 $a4 v. ;$c17 cm. 440 2$aI maestri ;$v131-134 500 $aTrad. di: Ogniem i mieczem 907 $a.b10329079$b02-04-14$c27-06-02 912 $a991002189699707536 945 $aLE002 Lett. I L 5 I$cV. 1$g1$i2002000502001$lle002$o-$pE0.00$q-$rl$s- $t0$u0$v0$w0$x0$y.i10387043$z27-06-02 945 $aLE002 Lett. I L 5 II$cV. 2$g1$i2002000502018$lle002$o-$pE0.00$q-$rl$s- $t0$u0$v0$w0$x0$y.i10387055$z27-06-02 945 $aLE002 Lett. I L 5 III$cV. 2$g1$i2002000502025$lle002$o-$pE0.00$q-$rl$s- $t0$u0$v0$w0$x0$y.i10387067$z27-06-02 945 $aLE002 Lett. I L 5 IV$cV. 4$g1$i2002000502032$lle002$o-$pE0.00$q-$rl$s- $t0$u0$v0$w0$x0$y.i10387079$z27-06-02 996 $aCol ferro e col fuoco$9200008 997 $aUNISALENTO 998 $ale002$b01-01-01$cm$da $e-$fita$git $h0$i4 LEADER 02414nam 2200601 a 450 001 9910786856403321 005 20230803030331.0 010 $a1-60491-139-5 035 $a(CKB)2670000000369371 035 $a(EBL)2097945 035 $a(OCoLC)914434004 035 $a(SSID)ssj0001577661 035 $a(PQKBManifestationID)16247553 035 $a(PQKBTitleCode)TC0001577661 035 $a(PQKBWorkID)14855956 035 $a(PQKB)10734186 035 $a(MiAaPQ)EBC3007676 035 $a(Au-PeEL)EBL3007676 035 $a(CaPaEBR)ebr10739658 035 $a(OCoLC)923618704 035 $a(EXLCZ)992670000000369371 100 $a20130814d2013 uy 0 101 0 $afre 135 $aur|n|---||||| 181 $ctxt 182 $cc 183 $acr 200 12$aL'adaptabilit$b[electronic resource] $eagir efficacement face au changement /$fAllan Calarco et Joan Gurvis 210 $aGreensboro, N.C. $cCenter for Creative Leadership$d2013 215 $a1 online resource (35 p.) 225 1 $aGuide "Transformer les ide?es en action" 300 $a"Originally published in English as Adaptability: Responding Effectively to Change, Copyright 2006"--T.p. verso. 311 $a1-60491-138-7 330 $aIn today's business world, the complexity and pace of change can be daunting. Adaptability is a necessary skill for leaders to develop in order to respond effectively to this change. This book contributes to a greater understanding of adaptability and the cognitive, emotional, and dispositional flexibility it requires. Leaders will learn how to develop their own adaptability and to foster it in others, thereby becoming more effective for themselves, the people they lead, and their organizations. 410 0$aIdeas into action guidebooks. 606 $aAdaptability (Psychology) 606 $aOrganizational change$xManagement 606 $aOrganizational behavior 606 $aOrganizational effectiveness 615 0$aAdaptability (Psychology) 615 0$aOrganizational change$xManagement. 615 0$aOrganizational behavior. 615 0$aOrganizational effectiveness. 676 $a658.4/094 700 $aCalarco$b Allan$0926127 701 $aGurvis$b Joan$0947379 801 0$bMiAaPQ 801 1$bMiAaPQ 801 2$bMiAaPQ 906 $aBOOK 912 $a9910786856403321 996 $aL'adaptabilit$93701884 997 $aUNINA